Манифест Александра II о смерти императрицы Александры Федоровны

Доступно только в Электронных читальных залах Найти на картеНа карте
RUSMARC
00003562nmc2a22002413x 450
001722cbcc2-7b46-43dd-8ed4-b7ea56086030
00520251101054114.0
100##$a20250610l18601860k l0rusy0189 ca
1010#$arus
102##$aRU
105##$ay###
1220#$ad
2001#$aМанифест Александра II о смерти императрицы Александры Федоровны
$j20 октября 1860 г.
215##$a2 л.
$d32х21 см
251##$cДело
300##$aНа обложке указано: "Экспедиция церемониальных дел Министерства императорского двора"
371##$aДокумент не является опубликованным и широко распространяемым
461#0$10011beca410-31e9-4f28-916a-592ca9443f69
$12001
$aЦеремониальная часть Министерства императорского двора
$1251
$cФонд
$1852
$j473
462#0$1001a54d7da2-27dc-4d4e-832c-8830aaafd738
$12001
$aЦеремониальная часть Министерства императорского двора
$1251
$cОпись
$1852
$j3
801#0$aRU
$bРГИА
$c20250610
$gRCR
801#1$aRU
$bГлавНИВЦ
$c20250610
$2rusmarc
801#2$aRU
$bПБ им. Б.Н. Ельцина
$c20251101
$gRCR
$2rusmarc
850##$aРГИА
852##$aРГИА
$eФедеральное казенное учреждение "Российский государственный исторический архив" (РГИА)
$j809
937##$hРГИА
$d12427030
$aASBIBLIO_SCAN
035##$aRusGRCC00086881
856##$uhttp://readingroom.main.prlib.ru/item.aspx?id_node=n198840500&mode=full
Формат отображения